Актуальные проблемы Гэсэриады: эпический текст и этнокультурные традиции (Запись № 1782685)

Подробности
000 -МАРКЕР
контрольное поле 02063nam0a2200373 4500
001 - ИДЕНТИФИКАТОР ЗАПИСИ
контрольное поле RU\NLR\bibl\1503703
005 - ИДЕНТИФИКАТОР ВЕРСИИ
контрольное поле 20260407142301.0
010 ## - МЕЖДУНАРОДНЫЙ СТАНДАРТНЫЙ НОМЕР КНИГИ (ISBN)
Номер (ISBN) 978-5-7925-0258-1
Тираж 200
021 ## - НОМЕР ГОСУДАРСТВЕННОЙ РЕГИСТРАЦИИ
Код страны Российская Федерация
Номер 2010-19055
Номер Листа государственной регистраци 1285
035 ## - ДРУГИЕ СИСТЕМНЫЕ НОМЕРА
Идентификатор записи (NLR Aleph) 001495141
100 ## - ДАННЫЕ ОБЩЕЙ ОБРАБОТКИ
Данные общей обработки 20100423d2009 |||y0rusy50 ca
101 0# - ЯЗЫК РЕСУРСА
Язык текста, звукозаписи и т.д. русский
102 ## - СТРАНА ПУБЛИКАЦИИ ИЛИ ПРОИЗВОДСТВА
Страна публикации Российская Федерация
105 ## - ПОЛЕ КОДИРОВАННЫХ ДАННЫХ: ТЕКСТОВЫЕ МАТЕРИАЛЫ, МОНОГРАФИЧЕСКИЕ
Кодированные данные о монографическом текстовом документе c |||||||||
200 1# - ЗАГЛАВИЕ И СВЕДЕНИЯ ОБ ОТВЕТСТВЕННОСТИ
Основное заглавие Актуальные проблемы Гэсэриады: эпический текст и этнокультурные традиции
Сведения, относящиеся к заглавию сборник научных статей, посвященный 100-летию со дня рождения фольклориста-эпосоведа А.И. Уланова
Первые сведения об ответственности Ин-т монголоведения, буддологии и тибетологии СО РАН
Последующие сведения об ответственности [редкол.: д.филол.н. Б.С. Дугаров (отв. ред.), к.филол.н. Л.Ц. Санжеева]
210 ## - ПУБЛИКАЦИЯ, РАСПРОСТРАНЕНИЕ И ДР.
Место издания, распространения и т.д. Улан-Удэ
Имя издателя, распространителя и т. д. Изд-во БНЦ СО РАН
Дата издания, распространения и т.д. 2009
215 ## - ФИЗИЧЕСКАЯ ХАРАКТЕРИСТИКА
Специфическое обозначение материала и объем 214, [1] с.
Другие сведения о физической характеристике портр.
Размеры 21
320 ## - ПРИМЕЧАНИЯ О НАЛИЧИИ В ДОКУМЕНТЕ БИБЛИОГРАФИИ / УКАЗАТЕЛЯ
Текст примечания Библиогр. в конце ст.
600 #1 - ИМЯ ЛИЦА КАК ПРЕДМЕТ
Начальный элемент ввода Уланов
Часть имени, кроме начального элемента ввода А. И.
Даты 1909 - 2000
Расширение инициалов личного имени Алексей Ильич
Системный номер авторитетной/нормативной записи 2600590
Идентификатор авторитетной/нормативной записи RU\NLR\auth\661537148
605 ## - ЗАГЛАВИЕ КАК ПРЕДМЕТ
Начальный элемент ввода "Гэсэриада"
Формальный подзаголовок Сборники
Сведения, относящиеся к заглавию / сведения о виде, жанре, характере документа эпический цикл сказаний о Гэсэр-хане
Системный номер авторитетной/нормативной записи 2294707
Идентификатор авторитетной/нормативной записи RU\NLR\auth\661374117
686 ## - ИНДЕКСЫ ДРУГИХ КЛАССИФИКАЦИЙ
Индекс Ш2г(2=Бу)7дУланов
686 ## - ИНДЕКСЫ ДРУГИХ КЛАССИФИКАЦИЙ
Индекс Ш3(251.7=Бу)-611
686 ## - ИНДЕКСЫ ДРУГИХ КЛАССИФИКАЦИЙ
Индекс Ш3(54Мо)-611
702 #1 - ИМЯ ЛИЦА - ВТОРИЧНАЯ ОТВЕТСТВЕННОСТЬ
Код отношения Редактор
Графика поля Кириллица
Материалы, к которым относится поле rus
Начальный элемент ввода Дугаров
Часть имени, кроме начального элемента ввода Б. С.
Даты 1947-
Расширение инициалов личного имени Баир Сономович
Системный номер авторитетной/нормативной записи 71885
Идентификатор авторитетной/нормативной записи RU\NLR\auth\7788957
702 #1 - ИМЯ ЛИЦА - ВТОРИЧНАЯ ОТВЕТСТВЕННОСТЬ
Код отношения Прочие
Графика поля Кириллица
Материалы, к которым относится поле rus
Начальный элемент ввода Уланов
Часть имени, кроме начального элемента ввода А. И.
Даты 1909-2000
Расширение инициалов личного имени Алексей Ильич
Системный номер авторитетной/нормативной записи 71883
Идентификатор авторитетной/нормативной записи RU\NLR\auth\7788955
712 02 - НАИМЕНОВАНИЕ ОРГАНИЗАЦИИ - ВТОРИЧНАЯ ОТВЕТСТВЕННОСТЬ
Код отношения Прочие
Начальный элемент ввода Институт монголоведения, буддологии и тибетологии
Идентифицирующий признак Улан-Удэ
Системный номер авторитетной/нормативной записи 521359
Идентификатор авторитетной/нормативной записи RU\NLR\AUTH\8810011816
801 #0 - ИСТОЧНИК ЗАПИСИ
Страна Российская Федерация
Организация NLR
Дата составления 20100423
Правила каталогизации RCR
801 #1 - ИСТОЧНИК ЗАПИСИ
Страна Российская Федерация
Организация NLR
Дата составления 20100423
830 ## - ОБЩЕЕ ПРИМЕЧАНИЕ, СОСТАВЛЕННОЕ КАТАЛОГИЗАТОРОМ
Текст примечания ред., перс. по кн.
942 ## - ДОПОЛНИТЕЛЬНЫЕ ЭЛЕМЕНТЫ ЗАПИСИ (АБИС)
Тип экземпляра АБИС Книга
980 ## - КОЛЛЕКЦИЯ
Название коллекции Национальная библиография
980 ## - КОЛЛЕКЦИЯ
Название коллекции НБР
Экземпляры
Тип экземпляра Дата поступления Источник поступления Библиотека постоянного хранения Библиотека текущего хранения Место хранения Шифр хранения Штрих-код Статус экземпляра
Книга 23.04.2010 Обязательный экземпляр РНБ (Московский) РНБ (Московский) Русский книжный фонд: издания с 1957 года 2010-3/14031 1-4425246  
Книга 23.04.2010 Обязательный экземпляр РНБ (Московский) РНБ (Московский) Русский книжный фонд: издания с 1957 года 2010-3/14031 3158492